Music Quiz

Random Music or Rock Quiz

Pic Picker: Classic Album Covers Quiz Stats

 Plays Quiz Updated Nov 4, 2018

Score 0/40 Timer 05:00
0 Plays Today
Question Answer Wrong Answers
Metallica
(Black Album)
(Black Album)
92.5%
Kill 'Em All
0.9%
…And Justice for All
0.5%
Master of Puppets
0.7%
AC/DC
Back in Black
Back in Black
90.2%
Who Made Who
1.1%
Dirty Deeds Done Dirt Cheap
0.7%
Highway to Hell
2.7%
Guns 'n Roses
The Spaghetti Incident
The Spaghetti Incident
88.3%
Lies
3.9%
Use Your Illusion II
1.3%
Appetite for Destruction
1%
Nirvana
MTV Unplugged in New York
MTV Unplugged in New York
87.1%
In Utero
1.9%
Bleach
4.2%
Nevermind
1.5%
Nirvana
Nevermind
Nevermind
87%
MTV Unplugged in New York
1.7%
In Utero
3.6%
Bleach
2.3%
The Rolling Stones
Tattoo You
Tattoo You
85%
Goats Head Soup
4.4%
Sticky Fingers
3.5%
Let It Bleed
1.7%
The Beatles
Magical Mystery Tour
Magical Mystery Tour
84.6%
Let It Be
2.2%
Rubber Soul
2.7%
Revolver
5.1%
U2
The Joshua Tree
The Joshua Tree
83.5%
The Unforgettable Fire
4.8%
Achtung Baby
2.2%
War
4.1%
The Rolling Stones
Goats Head Soup
Goats Head Soup
80.5%
Sticky Fingers
2.5%
Tattoo You
5.7%
Let It Bleed
5.7%
Led Zeppelin
Led Zeppelin I
Led Zeppelin I
80.3%
Physical Graffiti
4.1%
Led Zeppelin IV
6.1%
Houses of the Holy
3.8%
Guns 'n Roses
Appetite for Destruction
Appetite for Destruction
80.1%
Lies
3.6%
The Spaghetti Incident
6.5%
Use Your Illusion II
4.3%
The Beatles
Let It Be
Let It Be
79.8%
Rubber Soul
8.3%
Magical Mystery Tour
1.7%
Revolver
4.7%
Guns 'n Roses
Lies
Lies
78.6%
The Spaghetti Incident
5.6%
Use Your Illusion II
5.9%
Appetite for Destruction
4.3%
Metallica
…And Justice for All
…And Justice for All
78.4%
Kill 'Em All
7.9%
(Black Album)
1.4%
Master of Puppets
6.5%
The Rolling Stones
Sticky Fingers
Sticky Fingers
78.3%
Goats Head Soup
3.9%
Tattoo You
1.8%
Let It Bleed
10.4%
Nirvana
Bleach
Bleach
78.2%
MTV Unplugged in New York
2.6%
In Utero
10.9%
Nevermind
2.9%
The Beatles
Revolver
Revolver
75.8%
Let It Be
5.9%
Rubber Soul
10.7%
Magical Mystery Tour
2.1%
Nirvana
In Utero
In Utero
75.6%
MTV Unplugged in New York
2.1%
Bleach
5.1%
Nevermind
11.8%
U2
War
War
73.9%
The Unforgettable Fire
10%
Achtung Baby
7.1%
The Joshua Tree
3.3%
Aerosmith
Draw the Line
Draw the Line
73.8%
Toys in the Attic
6.6%
Pump
6%
Permanent Vacation
7.6%
The Beatles
Rubber Soul
Rubber Soul
73.4%
Let It Be
4.7%
Magical Mystery Tour
4.9%
Revolver
11.5%
Led Zeppelin
Physical Graffiti
Physical Graffiti
73.3%
Led Zeppelin IV
8.9%
Houses of the Holy
7.5%
Led Zeppelin I
4.6%
AC/DC
Highway to Hell
Highway to Hell
73%
Who Made Who
7.5%
Dirty Deeds Done Dirt Cheap
6.2%
Back in Black
7.8%
Guns 'n Roses
Use Your Illusion II
Use Your Illusion II
72.4%
Lies
6.9%
The Spaghetti Incident
8.2%
Appetite for Destruction
6.8%
Aerosmith
Pump
Pump
72.2%
Draw the Line
6.6%
Toys in the Attic
5.9%
Permanent Vacation
9.3%
Metallica
Kill 'Em All
Kill 'Em All
71.8%
…And Justice for All
4.8%
(Black Album)
1.6%
Master of Puppets
16%
U2
The Unforgettable Fire
The Unforgettable Fire
70.9%
Achtung Baby
8.5%
War
8.9%
The Joshua Tree
6%
Aerosmith
Toys in the Attic
Toys in the Attic
69.3%
Draw the Line
7.8%
Pump
9.1%
Permanent Vacation
8.1%
Led Zeppelin
Houses of the Holy
Houses of the Holy
67.7%
Physical Graffiti
19.3%
Led Zeppelin IV
5.4%
Led Zeppelin I
2.1%
Led Zeppelin
Led Zeppelin IV
Led Zeppelin IV
66.8%
Physical Graffiti
6.5%
Houses of the Holy
7.4%
Led Zeppelin I
13.9%
Pink Floyd
Meddle
Meddle
65.8%
A Momentary Lapse of Reason
11.4%
Atom Heart Mother
9.6%
Animals
7.3%
U2
Achtung Baby
Achtung Baby
65.7%
The Unforgettable Fire
7.9%
War
14.8%
The Joshua Tree
5.9%
AC/DC
Dirty Deeds Done Dirt Cheap
Dirty Deeds Done Dirt Cheap
64.3%
Who Made Who
10.4%
Highway to Hell
17.7%
Back in Black
2.2%
Pink Floyd
A Momentary Lapse of Reason
A Momentary Lapse of Reason
63.4%
Meddle
16.1%
Atom Heart Mother
8.2%
Animals
6.7%
AC/DC
Who Made Who
Who Made Who
62.8%
Dirty Deeds Done Dirt Cheap
19.8%
Highway to Hell
9.6%
Back in Black
2.1%
Metallica
Master of Puppets
Master of Puppets
62.7%
Kill 'Em All
11%
…And Justice for All
17.2%
(Black Album)
3.4%
The Rolling Stones
Let It Bleed
Let It Bleed
59.1%
Goats Head Soup
13.4%
Sticky Fingers
9.5%
Tattoo You
12.4%
Pink Floyd
Atom Heart Mother
Atom Heart Mother
51.6%
Meddle
25.3%
A Momentary Lapse of Reason
9.4%
Animals
7.8%
Aerosmith
Permanent Vacation
Permanent Vacation
50.8%
Draw the Line
11.3%
Toys in the Attic
13.2%
Pump
18.9%
Pink Floyd
Animals
Animals
45.4%
Meddle
7.1%
A Momentary Lapse of Reason
4.4%
Atom Heart Mother
37.8%

You're not logged in!

Compare scores with friends on all Sporcle quizzes.
OR
Log In

Sporcle TV

Today on Sporcle TV


Watch our educational content, quiz creation guides, and fun videos on Sporcle TV.

Show Comments

Extras

Top Quizzes Today


Score Distribution

Your Account Isn't Verified!

In order to create a playlist on Sporcle, you need to verify the email address you used during registration. Go to your Sporcle Settings to finish the process.

Report this User

Report this user for behavior that violates our Community Guidelines.

Details: